| 000 | 01249nam a22004697a 4500 | ||
|---|---|---|---|
| 005 | 20241112125955.0 | ||
| 008 | 190401b xxu||||| |||| 00| 0 spa d | ||
| 020 | _a9789587624038 | ||
| 041 | _aspa | ||
| 082 | _a658.3 P974p | ||
| 245 | _aPsicología empresarial y comunicación | ||
| 260 | _aColombia | ||
| 260 | _bEdiciones de la U | ||
| 260 | _c2015 | ||
| 300 | _a270 páginas | ||
| 650 | _aRECURSOS HUMANOS | ||
| 650 | _aENTREVISTA | ||
| 650 | _aTESTS | ||
| 650 | _aRELACIONES INTERPERSONALES | ||
| 650 | _aESCUCHA ACTIVA | ||
| 650 | _aCOMUNICACIÓN INTERPERSONAL | ||
| 650 | _aASERTIVIDAD | ||
| 650 | _aNEGOCIADORES | ||
| 650 | _aESTRÉS | ||
| 650 | _aANSIEDAD | ||
| 650 | _aTRANSTORNOS DE ANSIEDAD | ||
| 650 | _aRENDIMIENTO LABORAL | ||
| 650 | _aHABILIDADES SOCIALES | ||
| 650 | _aLIDERAZGO | ||
| 650 | _aCAUSAS DEL FRACAZO EN EL LIDERAZGO | ||
| 650 | _aAUTOESTIMA | ||
| 650 | _aMOTIVACIÓN EN EL TRABAJO | ||
| 650 | _aCOMUNICACIÓN ORAL | ||
| 650 | _aCOMUNICACIÓN INTERNA | ||
| 650 | _aCOMUNICACIÓN EXTERNA | ||
| 650 | _aCOMUNICACIÓN ORAL | ||
| 650 | _aCOMUNICACIÓN VERBAL | ||
| 650 | _aLENGUAJE CORPORAL | ||
| 650 | _aCOMUNICACIÓN ESCRITA | ||
| 942 |
_cBK _2ddc |
||
| 999 |
_c11845 _d11845 |
||